GSLIB : geostatistical software library and user's guide

Αποθηκεύτηκε σε:
Λεπτομέρειες βιβλιογραφικής εγγραφής
Κύριος συγγραφέας: Deutsch, Clayton V.
Άλλοι συγγραφείς: Journel, A. G.
Μορφή: Βιβλίο
Γλώσσα:English
Δημοσίευση: New York : Oxford University, 1992
Θέματα:
Ετικέτες: Προσθήκη ετικέτας
Δεν υπάρχουν, Καταχωρήστε ετικέτα πρώτοι!

MARC

LEADER 00000nam a2200000 i 4500
001 1/97406
008 950216s1992 eng d
020 |a 0-19-507392-4 
035 |l 10010544 
040 |a GR-MY-UA  |b gre  |e aacr 
041 0 |a eng 
100 1 |a Deutsch, Clayton V. 
245 1 0 |a GSLIB :  |b geostatistical software library and user's guide /  |c Clayton V. Deutsch; Andre G. Journel 
260 |a New York :   |b Oxford University,   |c 1992 
300 |a 340 p.  |e + 2 disketes 
650 0 0 |a Geology  |x Statistical methods. 
700 1 |a Journel, A. G. 
852 |a INST  |b LESVOS  |e 19950216  |h 550 DEU  |p 005100002899  |q 005100002899  |t BK  |y 0  |z ??? 
852 |a INST  |b LESVOS  |e 19950216  |h 550 DEU  |p 005100002899  |q 005100002899  |t BK  |v (Unknown.)???:  |y 0  |z ??? 
852 |a INST  |b LESVOS  |e 20040525  |h 550 DEU   |p 005100030665  |q 005100030665  |t BK  |v τ.2:  |y 0  |z τ.2 
852 |a INST  |b LESVOS  |e 20040525  |h 550 DEU   |p 005100030666  |q 005100030666  |t BK  |v τ.1:  |y 0  |z τ.1 
853 |a INST  |b LESVOS  |h 550 DEU 
853 |a INST  |b LESVOS  |h 550 DEU fd 
909 |a Λ  |b 038013 
909 |a Λ  |b 112027 
909 |a Λ  |b 112028